| 000 | 00547nam a2200121 a 4500 | ||
|---|---|---|---|
| 008 | 120416s2002 ||||||||||||||||| || u | ||
| 050 | _aTHESIS | ||
| 100 | _aKabwiku, Leonard | ||
| 245 | 1 | 2 | _aA study of total quality management (TQM) and its implementation in the Zambian contractor firms |
| 260 |
_aKitwe _bCopperbelt University, School of Built Environment, Department of Building Science _c2002 |
||
| 350 | _a0.00 | ||
| 995 |
_D0.00 _FCBU-MAIN LIBRARY (Kitwe) _H1 _I0.00 _UAVAILABLE _ZUniversity Collection |
||
| 999 |
_c58963 _d58963 |
||